| 000 | 01114cam a2200301 a 4500 | ||
|---|---|---|---|
| 001 | .b24429454 | ||
| 003 | OCoLC | ||
| 005 | 20230321142446.0 | ||
| 008 | 061017s2006 mau b 001 0 eng | ||
| 010 | _a2006034450 | ||
| 020 | _a9781591399124 (hardcover : alk. paper) | ||
| 040 |
_aDLC _cDLC _dBAKER _dBTCTA _dC#P _dYDXCP _dLMR |
||
| 100 | 1 | _aGardner, Howard. | |
| 245 | 1 | 0 |
_aFive minds for the future / _cby Howard Gardner. |
| 260 |
_aBoston, Mass. : _bHarvard Business School Press, _cc2006. |
||
| 300 |
_axi, 196 p. ; _c25 cm. |
||
| 336 | _atext | ||
| 337 | _aunmediated | ||
| 338 | _avolume | ||
| 440 | 0 | _aLeadership for the common good. | |
| 504 | _aIncludes bibliographical references (p. 169-173) and index. | ||
| 505 | 0 | _aMinds viewed globally: a personal introduction -- The disciplined mind -- The synthesizing mind -- The creating mind -- The respectful mind -- The ethical mind -- Conclusion: toward the cultivation of the five minds. | |
| 650 | 0 | _aSocial intelligence. | |
| 650 | 0 | _aSuccess. | |
| 650 | 0 | _aThought and thinking. | |
| 650 | 0 | _aMultiple intelligences. | |
| 942 |
_2lcc _cBK |
||
| 999 |
_c51721 _d51721 |
||